Engineering Mathematics for 2nd Semester (Record no. 502)

MARC details
000 -LEADER
fixed length control field 00316nam a2200133Ia 4500
003 - CONTROL NUMBER IDENTIFIER
control field OSt
008 - FIXED-LENGTH DATA ELEMENTS--GENERAL INFORMATION
fixed length control field 201121b ||||| |||| 00| 0 eng d
100 ## - MAIN ENTRY--PERSONAL NAME
Personal name KUMAR,Kuldeep.
245 ## - TITLE STATEMENT
Title Engineering Mathematics for 2nd Semester
250 ## - EDITION STATEMENT
Edition statement Rev.
260 ## - PUBLICATION, DISTRIBUTION, ETC. (IMPRINT)
Place of publication, distribution, etc N. delhi
Name of publisher, distributor, etc Bharat
Date of publication, distribution, etc 2008
300 ## - PHYSICAL DESCRIPTION
Extent 315.
942 ## - ADDED ENTRY ELEMENTS (KOHA)
Source of classification or shelving scheme Dewey Decimal Classification
Koha item type Text Books
Holdings
Withdrawn status Lost status Source of classification or shelving scheme Damaged status Not for loan Collection code Home library Current library Date acquired Source of acquisition Cost, normal purchase price Bill Number Total Checkouts Full call number Acc. no. / Barcode Date last seen Bill Date Koha item type Public note
    Dewey Decimal Classification     Applied Sc. PIET C-LIBRARY PIET C-LIBRARY 24/04/2014 Donated by Divya Khurana 150.00 Donated by Divya Khurana   510 KUE 23952 04/12/2019 19/03/2014 Text Books Donated by Divya Khurana
    Dewey Decimal Classification     Applied Sc. PIET C-LIBRARY PIET C-LIBRARY 17/06/2011 Donated by Divya Khurana 150.00 Donated by Divya Khurana   510 KUE 17429 04/12/2019 17/06/2011 Text Books Donated by Divya Khurana
    Dewey Decimal Classification     Applied Sc. PIET C-LIBRARY PIET C-LIBRARY 17/06/2011 Donated by Divya Khurana 150.00 Donated by Divya Khurana   510 KUE 17430 04/12/2019 17/06/2011 Text Books Donated by Divya Khurana

Design & Developed by: PIET Central Library
R70 Miles Stone Pattikalyana Samalkha Panipat 132102
mail ID :- [email protected], Phone No:- 0180-2569700 Ex.216